00625nam a22001817a 4500003000400000008004100004020001800045082001400063100004000077245004300117250001300160260003300173300001100206650001100217942001300228999001700241952018500258OSt241022b |||||||| |||| 00| 0 eng d a9788131205679 a687.2 HIF aHINES, Tony and BRUCE, Margaret ed. aFashion Marketing: Contemporary Issues a1st. ed. aNew Delhi,bElsevier,c2006, a243 p. aB.FAD. 2ddccREF c12940d12940 00102ddc40708BFADaPIETNCRbPIETNCRd2024-10-01ePankaj Publication InternationalfIn Rupeesg1295.00kPPI-15l0o687.2 HIFpN3773r2024-10-22 00:00:00v945.35w2024-10-01yREF